Topics on steiner systems (Record no. 66922)

MARC details
000 -LEADER
fixed length control field 00701nam a2200265Ia 4500
003 - CONTROL NUMBER IDENTIFIER
control field OSt
005 - DATE AND TIME OF LATEST TRANSACTION
control field 20220912151345.0
008 - FIXED-LENGTH DATA ELEMENTS--GENERAL INFORMATION
fixed length control field 220909b |||||||| |||| 00| 0 eng d
037 ## - SOURCE OF ACQUISITION
Terms of availability Textual
040 ## - CATALOGING SOURCE
Original cataloging agency CSL
Language of cataloging eng
Transcribing agency CSL
041 ## - LANGUAGE CODE
Language code of text/sound track or separate title eng
100 ## - MAIN ENTRY--PERSONAL NAME
Personal name Lindner C C Ed.
245 #0 - TITLE STATEMENT
Title Topics on steiner systems
260 ## - PUBLICATION, DISTRIBUTION, ETC.
Place of publication, distribution, etc. Amsterdam
Name of publisher, distributor, etc. North-Holland
Date of publication, distribution, etc. 1980
300 ## - PHYSICAL DESCRIPTION
Extent ix, 349p.
Dimensions cm.
490 ## - SERIES STATEMENT
Series statement Annals Of discrete mathematics 7; 7
650 ## - SUBJECT ADDED ENTRY--TOPICAL TERM
Topical term or geographic name entry element Steiner systems
700 ## - ADDED ENTRY--PERSONAL NAME
Personal name Rosa A Ed.
942 ## - ADDED ENTRY ELEMENTS (KOHA)
Classification part B44, M01
Koha item type Textual
Source of classification or shelving scheme Colon Classification (CC)
Holdings
Withdrawn status Lost status Damaged status Not for loan Home library Current library Date acquired Total Checkouts Full call number Barcode Date last seen Price effective from Koha item type
        Central Science Library Central Science Library 2022-09-12   B44 M01 SL0705394 2022-09-12 2022-09-12 Textual
Copyright @ Delhi University Library System